| 000 | 01231nam a2200337 i 4500 | ||
|---|---|---|---|
| 003 | EG-GICUC | ||
| 005 | 20260416234530.0 | ||
| 008 | 260416s2001 ua ||||fr|||| 00| 0 ara d | ||
| 017 | _a2001/8007 | ||
| 040 |
_a EG-GICUC _bara _c EG-GICUC _d EG-GICUC _erda |
||
| 041 | _aara | ||
| 082 | 0 | 4 |
_221 _a341.6 _bش ع . أ |
| 092 | 0 | 4 | _221 |
| 099 | _aLaw1 11 341.6 ش ع . أ 2001 | ||
| 100 | 1 |
_aشعبان أحمد سليمان _eمؤلف. |
|
| 245 |
_aالألغام حقول الشيطان : _bرحلة البحث عن 100 مليار دولار تعويضات لمصر / _cشعبان أحمد سليمان . |
||
| 264 |
_aالقاهرة " _bدار ميريت ، _c2001. |
||
| 300 |
_a210 ؛ صفحة _c24 سم |
||
| 336 |
_2rda content _atext |
||
| 337 |
_2rda media _aComputer |
||
| 338 |
_2rda carrier _aOnline Resource |
||
| 504 | _a. 208-210 ببليوجرافيا: صفحات. | ||
| 546 | _aالنص باللغة العربية | ||
| 650 | 1 | _aالقانون الدولى | |
| 650 | 1 | _aالقانون الحربى | |
| 651 | 1 | _2qrmak | |
| 700 |
_aمنال مصطفى غانم _eمؤلف مشارك. |
||
| 856 | 4 | 0 | _uhttps://fll.law.cu.edu.eg/fulltext/bks/B11-10175.pdf |
| 905 | _a60 | ||
| 942 |
_2ddc _cBK _e21 _n0 |
||
| 999 |
_c71530 _d71530 |
||